000 00717nam a22002297a 4500
003 BD-DhJNU
005 20251127054949.0
008 251127b |||||||| |||| 00| 0 eng d
020 _a9780134002989
020 _a0134002989
040 _aBD-DhJNU
_bENG
_cBD-DhJNU
_dBD-DhJNU
082 _223
_a150.287 GRP
100 _aGregory, Robert J.
245 _aPsychological testing :
_bhistory, principles, and applications /
_cRobert J. Gregory
260 _aBoston :
_bPearson,
_c2016.
300 _axiii, 463p. :
_bill. ;
_c27 cm.
504 _aIncludes bibliographical references and index
650 _aHistory
650 _aPsychological tests
650 _aPsychological tests history
942 _2ddc
_cBK
_n0
999 _c2397
_d2397